Probability theory with application (Record no. 2570)

MARC details
000 -LEADER
fixed length control field 00465 a2200181 4500
001 - CONTROL NUMBER
control field 068954
003 - CONTROL NUMBER IDENTIFIER
control field OSt
005 - DATE AND TIME OF LATEST TRANSACTION
control field 20220330142614.0
008 - FIXED-LENGTH DATA ELEMENTS--GENERAL INFORMATION
fixed length control field
082 ## - DEWEY DECIMAL CLASSIFICATION NUMBER
Classification number 519.2076
Item number R18P
100 1# - MAIN ENTRY--PERSONAL NAME
Personal name Rao, M.M.
245 1# - TITLE STATEMENT
Title Probability theory with application
Statement of responsibility, etc by M.M. Rao and R.J. Swift
260 ## - PUBLICATION, DISTRIBUTION, ETC. (IMPRINT)
Place of publication, distribution, etc New York
Name of publisher, distributor, etc Springer
Date of publication, distribution, etc 2010
300 ## - PHYSICAL DESCRIPTION
Extent 527p.
653 ## - INDEX TERM--UNCONTROLLED
Uncontrolled term Probabilities; Mathematics
700 ## - ADDED ENTRY--PERSONAL NAME
Personal name Swift, R.J.
942 ## - ADDED ENTRY ELEMENTS (KOHA)
Source of classification or shelving scheme Dewey Decimal Classification
Koha item type Books
Holdings
Withdrawn status Lost status Source of classification or shelving scheme Damaged status Not for loan Collection code Home library Current library Date acquired Source of acquisition Cost, normal purchase price Total Checkouts Full call number Barcode Date last seen Price effective from Koha item type
    Dewey Decimal Classification     General Text Book Central University Of Rajasthan Central University Of Rajasthan 07/03/2012 MTH 695.00   519.2076 R18P 3241 21/11/2024 02/09/2020 Books